Encouraging environmentally sustainable growth in Canada
Guardado en:
| Autor principal: | |
|---|---|
| Formato: | Libro |
| Lenguaje: | inglés |
| Publicado: |
Paris
OECD-Economics Department
2001
|
| Colección: | Working Papers
No. 290 |
| Materias: | |
| Etiquetas: |
Sin Etiquetas, Sea el primero en etiquetar este registro!
|
MARC
| LEADER | 00000nam a2200000 4500 | ||
|---|---|---|---|
| 001 | c125110 | ||
| 005 | 20221221091453.0 | ||
| 041 | 0 | |a eng | |
| 044 | |a FR | ||
| 245 | 1 | 0 | |a Encouraging environmentally sustainable growth in Canada |c by Ann Vourc'h |
| 264 | 1 | |a Paris |b OECD-Economics Department |c 2001 | |
| 300 | |a 56 s. | ||
| 490 | 1 | |a Working Papers |v No. 290 | |
| 830 | 0 | |a Working Papers |v No. 290 | |
| 610 | 2 | 0 | |a politika environmentálna |
| 610 | 2 | 0 | |a prostredie životné |
| 610 | 2 | 0 | |a ochrana prostredia životného |
| 610 | 2 | 0 | |a inštitúcia |
| 610 | 2 | 0 | |a konflikty |
| 610 | 2 | 0 | |a voda |
| 610 | 2 | 0 | |a emisie |
| 610 | 2 | 0 | |a podnebie |
| 610 | 2 | 0 | |a Kanada |
| 610 | 2 | 0 | |a OECD |
| 100 | 1 | |a Vourc'h, Ann | |